Equipos - Eurocopa 2024 - Estadísticas

Estadísticas generales
  • Esta prueba ha sido intentada 151 veces
  • La puntuación promedio es 21 de 24
Estadísticas de respuestas
Equipo % Correcto
España
99%
Francia
97%
Alemania
96%
Croacia
96%
Italia
96%
Inglaterra
95%
Portugal
94%
Bélgica
93%
Suiza
92%
Albania
90%
Países Bajos
90%
Eslovenia
88%
Eslovaquia
86%
Polonia
85%
Dinamarca
83%
Ucrania
83%
Austria
81%
Rumania
81%
Escocia
80%
Turquía
80%
Georgia
78%
Hungría
78%
Serbia
76%
República Checa
73%
No se encontraron pruebas coincidentes
Distribución de puntuación
Porcentaje de gente con cada puntuación
Porcentaje por número respondido
Historial de tus puntuaciones
No has intentado esta prueba.